00445cam a22001574a 45000010009000000050017000090080041000260200018000670200015000850400013001000820019001131000016001322450066001482600048002143000025002621535682820161231113644.0080707s2008 onc b 001 0 eng  a9780670064847 a067006484X cPK-LaUMT00a954.053bLAK-I1 aLak, Daniel10aIndia express :bthe future of a new superpower /cDaniel Lak aToronto ;aNew York :bViking Canada,c2008 axx, 314 p. ;c24 cm.